La moisson du phénix / (Record no. 105419)

MARC details
000 -LEADER
campo de control de longitud fija 00719nam a2200229 i 4500
001 - NÚMERO DE CONTROL
campo de control 105419
003 - IDENTIFICADOR DE NÚMERO DE CONTROL
campo de control ES-MaACL
005 - FECHA Y HORA DE LA ÚLTIMA TRANSACCIÓN
campo de control 20230906183859.0
007 - CAMPO FIJO DE DESCRIPCIÓN FÍSICA--INFORMACIÓN GENERAL
campo de control de longitud fija t|
008 - DATOS DE LONGITUD FIJA--INFORMACIÓN GENERAL
campo de control de longitud fija 060710s1980 fr o ||||1|bfre d
020 ## - NÚMERO INTERNACIONAL ESTÁNDAR DEL LIBRO
Número Internacional Estándar del Libro 2-234-01260-0
080 ## - NÚMERO DE LA CLASIFICACIÓN DECIMAL UNIVERSAL
Número de la Clasificación Decimal Universal 929Han, Suyin
080 ## - NÚMERO DE LA CLASIFICACIÓN DECIMAL UNIVERSAL
Número de la Clasificación Decimal Universal 94(510)"1966/69"
100 1# - ENTRADA PRINCIPAL--NOMBRE DE PERSONA
Nombre de persona Han, Suyin.
9 (RLIN) 61708
245 13 - MENCIÓN DEL TÍTULO
Título La moisson du phénix /
Mención de responsabilidad, etc. Han Suyin ; traduit de l'anglais par Anne Rabinovitch.
260 ## - PUBLICACIÓN, DISTRIBUCIÓN, ETC.
Lugar de publicación, distribución, etc. Paris :
Nombre del editor, distribuidor, etc. Stock,
Fecha de publicación, distribución, etc. 1980.
300 ## - DESCRIPCIÓN FÍSICA
Extensión 409 p., [8] p. de fot. ;
Dimensiones 22 cm.
600 14 - PUNTO DE ACCESO ADICIONAL DE MATERIA--NOMBRE DE PERSONA
Nombre de persona Han, Suyin.
9 (RLIN) 61708
651 #4 - PUNTO DE ACCESO ADICIONAL DE MATERIA--NOMBRE GEOGRÁFICO
Nombre geográfico China-
Subdivisión general Historia-
Subdivisión cronológica S.XX-
Subdivisión de forma Relatos personales.
9 (RLIN) 155388
700 1# - ENTRADA AGREGADA--NOMBRE PERSONAL
Nombre de persona Rabinovitch, Anne.
9 (RLIN) 94867
852 ## - LOCALIZACIÓN
Ubicación ES-MaACL
Número de control de estantería AND-214
Nota libre - Biblioteca Juan Andrade
Holdings
Estatus retirado Estado de pérdida Estado de daño No para préstamo Biblioteca de origen Biblioteca actual Ubicación en estantería Fecha de adquisición Fuente de adquisición Total de préstamos Signatura topográfica completa Código de barras Visto por última vez Precio de reemplazo Tipo de ítem Koha
        Biblioteca del Ateneo de Madrid Biblioteca del Ateneo de Madrid Depósito 2 17/01/2008     AND-214 1110056 23/02/2023 23/02/2023 Libro impreso